000 00218 a2200097 4500
001 28861
100 _aKuo, S S
245 _aNumerical Methods & Computers
260 _a
_bAddison Wesley
_c1965
090 _c19307
_d19307
942 _aNUST-CAE
_cM
_c10344
999 _c263934
_d263934